000 00321nam a2200133Ia 4500
005 20260328101511.0
008 260328s9999||||xx |||||||||||||| ||und||
100 _aLe Corbusier
245 0 _aPoema del ángulo recto /
_cLe Corbusier
260 _bMultigraficas
300 _a47 p.
650 _aCorbusier, Le
942 _cBK
999 _c9190
_d9190